| 000 | 00573nam a2200169 i 4500 | ||
|---|---|---|---|
| 001 | 60381 | ||
| 003 | ES-MaACL | ||
| 005 | 20230906164225.0 | ||
| 007 | t| | ||
| 008 | 031104s1927 sp ||||1| spa d | ||
| 100 | 1 |
_aEspurz Campodarbe, Demetrio. _947956 |
|
| 245 | 1 | 0 |
_aA propósito de la correlación entre las variaciones de presión y desidad del aire / _cpor D. Espurz. |
| 260 |
_a[Madrid : _bs.n., _c1927] |
||
| 300 |
_a2 h. ; _c22 cm. |
||
| 500 | _aPublicado en Anales de la Sociedad Española de Física y Química, t. XXV, p. 490. | ||
| 852 |
_aES-MaACL _j1715-F-24 |
||
| 999 |
_c60381 _d60381 |
||